Bệnh học cơ sở : Dùng cho đào tạo cao đẳng kỹ thuật y học

Trình bày nguyên nhân, triệu chứng, tiến triển, biến chứng, cách chẩn đoán, phương pháp điều trị và phòng bệnh của các bệnh nhi khoa, nội khoa, bệnh truyền nhiễm và bệnh ngoại khoa

Đã lưu trong:
書目詳細資料
主要作者: Nguyễn Mỹ
其他作者: Phan Thị Minh Trang, Đặng Thị Kim Quy, Nguyễn Thị Lan Hương
格式: 圖書
語言:Vietnamese
出版: H. Giáo dục 2010
主題:
標簽: 添加標簽
沒有標簽, 成為第一個標記此記錄!
Thư viện lưu trữ: Thư viện Trường Đại học Nam Cần Thơ
LEADER 02615aam a22003498a 4500
001 NCT_10443
008 101130s2010 ||||||viesd
999 |c 505  |d 505 
020 |c 70000 
082 0 4 |2 23rd ed.  |a 616.075  |b H561 
100 1 |a Nguyễn Mỹ 
245 0 0 |a Bệnh học cơ sở :  |b Dùng cho đào tạo cao đẳng kỹ thuật y học  |c Nguyễn Mỹ (chủ biên) 
260 |a H.  |b Giáo dục  |c 2010 
300 |a 283tr.  |b minh hoạ  |c 27cm 
500 |a ĐTTS ghi: Bộ Y tế 
520 3 |a Trình bày nguyên nhân, triệu chứng, tiến triển, biến chứng, cách chẩn đoán, phương pháp điều trị và phòng bệnh của các bệnh nhi khoa, nội khoa, bệnh truyền nhiễm và bệnh ngoại khoa 
653 |a Dược học 
700 1 |a Phan Thị Minh Trang 
700 1 |a Đặng Thị Kim Quy 
700 1 |a Nguyễn Thị Lan Hương 
942 |2 ddc  |c BK 
952 |0 0  |1 0  |2 ddc  |4 0  |6 616_075000000000000_H561  |7 0  |9 3658  |a 000001  |b 000001  |d 2017-11-14  |l 1  |o 616.075 H561  |p MD.05658  |r 2020-10-30  |s 2020-10-22  |v 70000.00  |w 2017-11-14  |y BK 
952 |0 0  |1 0  |2 ddc  |4 0  |6 616_075000000000000_H561  |7 0  |9 3659  |a 000001  |b 000001  |d 2017-11-14  |o 616.075 H561  |p MD.05659  |r 2018-05-15  |v 70000.00  |w 2017-11-14  |y BK 
952 |0 0  |1 0  |2 ddc  |4 0  |6 616_075000000000000_H561  |7 0  |9 3660  |a 000001  |b 000001  |d 2017-11-14  |o 616.075 H561  |p MD.05660  |r 2017-11-14  |v 70000.00  |w 2017-11-14  |y BK 
952 |0 0  |1 0  |2 ddc  |4 0  |6 616_075000000000000_H561  |7 0  |9 3661  |a 000001  |b 000001  |d 2017-11-14  |o 616.075 H561  |p MD.05661  |r 2017-11-14  |v 70000.00  |w 2017-11-14  |y BK 
952 |0 0  |1 0  |2 ddc  |4 0  |6 616_075000000000000_H561  |7 0  |9 3662  |a 000001  |b 000001  |d 2017-11-14  |o 616.075 H561  |p MD.05662  |r 2017-11-14  |v 70000.00  |w 2017-11-14  |y BK 
952 |0 0  |1 0  |2 ddc  |4 0  |6 616_075000000000000_H561  |7 0  |9 3663  |a 000001  |b 000001  |d 2017-11-14  |o 616.075 H561  |p MD.05663  |r 2017-11-14  |v 70000.00  |w 2017-11-14  |y BK 
952 |0 0  |1 0  |2 ddc  |4 0  |6 616_075000000000000_H561  |7 0  |9 3664  |a 000001  |b 000001  |d 2017-11-14  |o 616.075 H561  |p MD.05664  |r 2017-11-14  |v 70000.00  |w 2017-11-14  |y BK 
952 |0 0  |1 0  |2 ddc  |4 0  |6 616_075000000000000_H561  |7 0  |9 3665  |a 000001  |b 000001  |d 2017-11-14  |o 616.075 H561  |p MD.05665  |r 2017-11-14  |v 70000.00  |w 2017-11-14  |y BK 
952 |0 0  |1 0  |2 ddc  |4 0  |6 616_075000000000000_H561  |7 0  |9 3666  |a 000001  |b 000001  |d 2017-11-14  |l 1  |o 616.075 H561  |p MD.05666  |r 2021-05-04  |s 2021-03-30  |v 70000.00  |w 2017-11-14  |y BK 
952 |0 0  |1 0  |2 ddc  |4 0  |6 616_075000000000000_H561  |7 0  |9 3668  |a 000001  |b 000001  |d 2017-11-14  |l 1  |o 616.075 H561  |p MD.05657  |r 2020-11-04  |s 2020-10-22  |v 70000.00  |w 2017-11-14  |y BK 
980 |a Thư viện Trường Đại học Nam Cần Thơ